000
00316 a2200109 4500
001
ART_30491
005
20260410162003.0
008
260409a
245
1
0
_a
Sociología de la educación
100
1
_a
González Fernández, Enrique
773
0
_t
Foro político
_g
- Vol. XVII (ago. 1996)
_w
REV30389
999
_c
31463
_d
31463